00902cam a22002651 45000010005000000030008000050050017000130080039000300350018000690350018000870400040001050410008001450820021001531000029001742450061002032500018002642600032002823000042003144900045003565040032004016500036004339420012004699990015004819520140004966351BD-RjUL20211208234229.0110114s1966 enkab b 000 0 eng a(BD-RjUL)6391 a(OCoLC)404284 aDLCcOAUdOCoLCdUkd(BD-RjUL)beng aeng a387.72bSEG 19661 aSealy, Kenneth R.91999114aThe geography of air transport /c[by] Kenneth R. Sealy. a[Revised ed.] aLondon,bHutchinson,c1966. a198 p.bmaps, tables, diagrs.c22 cm.0 aHutchinson University Library, geography aBibliography: p. [189]-192. 0aAeronautics, Commercial.911388 2ddccBK c6351d6351 00102ddc40718NFICaRUCLbRUCLcreadingd1967-11-16eZeitlingerg11.60l0o387.72 SEG 1966r2014-01-11 00:00:00tC-1w2014-01-11yBK